|
|
|
|
| LEADER |
01871nam a2200397 i 4500 |
| 001 |
38499 |
| 003 |
BD-DhAAL |
| 005 |
20220605103736.0 |
| 008 |
141007s2014 bg a 001 0dbeno |
| 999 |
|
|
|c 44296
|d 44296
|
| 010 |
|
|
|a 2014361077
|
| 020 |
|
|
|a 9789849063834
|
| 025 |
|
|
|a B-B-2014-361077; 22-91
|
| 035 |
|
|
|a (MFDhaka) 2014361077
|
| 037 |
|
|
|b Library of Congress -- New Delhi Overseas Office
|
| 040 |
|
|
|a DLC
|b eng
|e rda
|c DLC
|d DLC
|d BD-DhAAL
|
| 042 |
|
|
|a lcode
|a pcc
|
| 043 |
|
|
|a a-bg---
|
| 050 |
0 |
0 |
|a HD1331.B3
|b C38 2014
|
| 082 |
|
|
|a 333.54095492
|
| 100 |
1 |
|
|a চৌধুরী, সেলিনা
|9 48871
|
| 245 |
1 |
0 |
|a স্মৃতির কল্লোলে :
|b সন্দ্বীপের গোলাম নবী পণ্ডিতের বংশগাঁথা /
|c সেলিনা চৌধুরী
|
| 264 |
|
1 |
|a ঢাকা :
|b শ্রাবণ,
|c ২০১৪.
|
| 300 |
|
|
|a ৪৫৬ পৃষ্ঠা :
|b চিত্র ;
|c ২২ সে.মি.
|
| 500 |
|
|
|a নির্ঘণ্ট অন্তর্ভুক্ত।
|
| 520 |
|
|
|a Family history of landlords from Sandwīp Island, Bangladesh; includes articles on the life of Golāma Nabī Paṇḍita, landlord from Sandwīp and some anecdotes of author.
|
| 541 |
|
|
|a Donated By Akbar Ali Khan
|e 38499
|
| 546 |
|
|
|a In Bengali.
|
| 600 |
1 |
0 |
|a Paṇḍita, Golāma Nabī.
|9 48872
|
| 600 |
1 |
0 |
|a Caudhurī, Selinā
|v Anecdotes.
|9 48873
|
| 650 |
|
0 |
|a Landlords
|z Bangladesh
|z Sandwīp Island
|v Genealogy.
|9 48874
|
| 650 |
|
0 |
|a Landlords.
|9 48876
|
| 651 |
|
0 |
|a Sandwīp Island (Bangladesh)
|v Genealogy.
|9 48875
|
| 852 |
|
|
|a Ayesha Abed Library
|c Akbar Ali Khan Collection
|
| 942 |
|
|
|2 ddc
|c BK
|
| 952 |
|
|
|0 0
|1 0
|2 ddc
|4 0
|6 333_540954920000000_CHO
|7 1
|9 70780
|a BRACUL
|b BRACUL
|c AAKC
|d 2022-06-05
|e Donated by Akbar Ali Khan
|l 0
|o 333.54095492 CHO
|p 3010038499
|r 2022-06-05
|t 1
|w 2022-06-05
|y BK
|